| 000 | 01070nam a2200289 i 4500 | ||
|---|---|---|---|
| 001 | bg | ||
| 003 | BPK | ||
| 005 | 20221025082952.0 | ||
| 008 | 080204s1963 pl a f f |000 0 pol | ||
| 015 | _aPB 1964/38 | ||
| 040 |
_aWA N _cBPK |
||
| 080 | _a669.017/.018 | ||
| 080 | _a620.1 | ||
| 080 | _a(075.8+076) | ||
| 245 | 0 | 0 |
_aĆwiczenia z metaloznawstwa : _bpraca zbiorowa pracowników Katedry Metaloznawstwa i Obróbki Cieplnej / _cred. Zofia Wendorff ; [aut. Z. Has et al.]. |
| 260 |
_aŁódź : _bPaństwowe Wydawnictwo Naukowe, _c1963. |
||
| 300 |
_a343 s. : _bil. ; _c23 cm. |
||
| 490 | 1 | _aSkrypty dla Szkół Wyższych / Politechnika Łódzka. | |
| 504 | _aBibliogr. | ||
| 655 | 4 | _aĆwiczenia i zadania dla szkół wyższych | |
| 650 | 4 | _aMetaloznawstwo | |
| 700 | 1 | _aHas, Z. | |
| 700 | 1 |
_aWendorff, Zofia _d(1906-1991) _eRedakcja |
|
| 830 | 0 | _aSkrypty dla Szkół Wyższych - Politechnika Łódzka | |
| 942 |
_2UKD _cKS |
||
| 856 |
_uhttp://koha.tu.koszalin.pl/cgi-bin/koha/opac-detail.pl?biblionumber=10598 _yKatalog online BPK |
||
| 999 |
_c10598 _d10598 |
||